000 00475nam a22001577a 4500
008 160407b xxu||||| |||| 00| 0 eng d
082 _22008
_aDFil 657
_bB21b
100 _94970
_aBallada, Win.
245 _aBasic accounting/
_cWin Ballada and Susan Ballada.
250 _a13th edition
_b2008 Issue.
260 _aManila:
_bDomDane Publishers,
_cc2008.
300 _a[200-] pages;
_c25cm.
650 0 _94972
_aAccounting.
700 _94971
_aBallada, Susan.
942 _2ddc
_cDFIL
999 _c1593
_d1593